000 00935 a2200229 4500
003 Nust
005 20230227181226.0
010 _a 2003026394
020 _a0071240837
040 _cNust
082 0 0 _a005.1,PRE
100 1 _aPressman, Roger S.
_917958
245 1 0 _aSoftware engineering :
_ba practitioner's approach /
_cRoger S. Pressman.
250 _a6th ed.
260 _aBoston, Mass. :
_bMcGraw-Hill,
_cc2005.
300 _axxxii, 880 p. :
_bill. ;
_c24 cm.
505 _aPart :1 The Software Process (Page-51), Part 2: Software Engineering Practice (Page-127), Part :3 Applying Web Engineering (Page-499), Part :4 Managing Software Projects (Page-627).
650 0 _aSoftware engineering.
_92256
856 4 1 _3Publisher description
_uhttp://www.loc.gov/catdir/enhancements/fy0702/2003026394-d.html
856 4 1 _3Table of contents
_uhttp://www.loc.gov/catdir/toc/ecip0411/2003026394.html
942 _2ddc
_cBK
999 _c174747
_d174747